| 000 | 00834cam a2200253 4500 | ||
|---|---|---|---|
| 001 | WB3542-35 | ||
| 008 | 000000n1999 000 0 eng u | ||
| 035 | _a(Sirsi) u101000 | ||
| 245 | _aAssembly aims to help business | ||
| 260 | _c1999 | ||
| 490 |
_aWestern Mail _v27 October 1999, 15(1) |
||
| 520 | _aThe Welsh National Assembly has issued a consultation paper to gauge the views of interested parties on their proposals for a transitional relief scheme to accompany the business rate revaluation in 2000. | ||
| 590 | _aWB | ||
| 650 | _aWALES | ||
| 650 | _aNATIONAL ASSEMBLY | ||
| 650 | _aTRANSITIONAL RELIEF | ||
| 650 | _aBUSINESS RATES | ||
| 650 | _aCONSULTATION PAPERS | ||
| 650 | _aRATING REVALUATION | ||
| 650 | _aRATING REVALUATION 2000 | ||
| 650 | _aWALES | ||
| 690 | _aRATING AND VALUATION | ||
| 942 | _n0 | ||
| 999 |
_c60274 _d60274 |
||